Statistics for Books by City

Click here to take the quiz!

General Stats

  • This quiz has been taken 12,648 times
    (9,691 since last reset)
  • The average score is 11 of 20

Answer Stats

BookAuthorCity% Correct
Oliver TwistCharles DickensLondon
98%
The Three MusketeersAlexandre DumasParis
89%
The Diary of a
Young Girl
Anne FrankAmsterdam
84%
I, ClaudiusRobert GravesRome
84%
Anna KareninaLeo TolstoySt. Petersburg
81%
The Catcher in the RyeJ.D. SalingerNew York City
78%
UlyssesJames JoyceDublin
70%
The IliadHomerTroy
63%
Gone with the WindMargaret MitchellAtlanta
60%
TrainspottingIrvine WelshEdinburgh
56%
The Scarlet LetterNathaniel HawthorneBoston
53%
Memoirs of a GeishaArthur GoldenKyoto
51%
The MetamorphosisFrank KafkaPrague
46%
The Kite RunnerKhaled HosseiniKabul
44%
The Maltese FalconDashiell HammettSan Francisco
39%
Darkly Dreaming
Dexter
Jeff LindsayMiami
33%
The DecameronGiovanni BoccaccioFlorence
32%
Midnight's ChildrenSalman RushdieMumbai
30%
TwilightStephenie MeyerForks
26%
The Fault in Our StarsJohn GreenIndianapolis
9%

Score Distribution

Percentile by Number Answered

Percent of People with Each Score

Your Score History

You have not taken this quiz since the last reset